Compendio de otorrinolaringología / (Registro nro. 1116)
[ vista simple ]
| 000 -LEADER | |
|---|---|
| fixed length control field | 00732nam a2200241 a 4500 |
| 005 - FECHA ULTIMA MODIFICACION | |
| control field | 20240515125217.0 |
| 008 - CAMPO DE CONTROL (LIBRO) | |
| fixed length control field | s2010||||ag a f |||| 001 0 spa d |
| 020 ## - INTERNATIONAL STANDARD BOOK NUMBER | |
| ISBN | 9789872425562 |
| 041 ## - CODIGO DE IDIOMA | |
| Código de idioma del texto/pista de sonido o título separado | spa |
| 092 ## - SIGNATURA TOPOGRAFICA DEWEY LOCAL | |
| número de clasificación | 616.2 |
| libristica | 16 |
| sección | DIA |
| 100 1# - ENTRADA PRINCIPAL--NOMBRE PERSONAL | |
| Nombre personal | Diamante, Vicente G. |
| 9 (RLIN) | 936 |
| 245 ## - TITULO PROPIAMENTE DICHO | |
| Título | Compendio de otorrinolaringología / |
| Mención de responsabilidad y remanente de la transcripción de la portada | Vicente G. Diamante. |
| 250 ## - MENCION DE EDICION | |
| Mención de edición | 1a ed. |
| 260 ## - PIE DE IMPRENTA | |
| Lugar de publicación, distribución, etc | Buenos Aires: |
| Nombre de la editorial, distribuidor, etc | Hipocrático; |
| Fecha de publicación | 2010. |
| 300 ## - DESCRIPCION FISICA | |
| Extension | 228 p. |
| Dimensiones | 18x26 cm. |
| Otros detalles físicos | il. |
| 500 ## - NOTA GENERAL | |
| Nota general | Diamante, V. G. (2010). Compendio de otorrinolaringología. (1a ed.). Buenos Aires : Hipocrático. |
| 590 ## - NOTAS LOCALES (RLIN) | |
| Nota local | Compra PROMED 2012 |
| 653 ## - TÉRMINO INDIZADO - PALABRAS CLAVES | |
| Palabra clave | Oído |
| 653 ## - TÉRMINO INDIZADO - PALABRAS CLAVES | |
| Palabra clave | Nariz y senos paranasales |
| 653 ## - TÉRMINO INDIZADO - PALABRAS CLAVES | |
| Palabra clave | Faringe |
| 653 ## - TÉRMINO INDIZADO - PALABRAS CLAVES | |
| Palabra clave | Laringe |
| 942 ## - ADDED ENTRY ELEMENTS (KOHA) | |
| Source of classification or shelving scheme | Dewey Decimal Classification |
| Item type | Libros |
| Koha issues (borrowed), all copies | 1 |
| Estado de retiro | Existencia | Fuente de clasificación | Estado general | No para prestamo | Colección | Ubicación permanente | ubicación actual | Sala de ubicación | Fecha de adquisición | Costo, precio normal de compra | Total Checkouts | Número de clasificación | Código de barras | Date last seen | Date last borrowed | Número de ejemplar | Price effective from | Koha tipo de elemento (item) | Public note | Total Renewals | Coded location qualifier | Fuente de adquisición |
|---|---|---|---|---|---|---|---|---|---|---|---|---|---|---|---|---|---|---|---|---|---|---|
| Dewey Decimal Classification | Reference | Biblioteca Medicina | Biblioteca Medicina | Referencia | 16/10/2012 | 0.00 | 6 | 616.2 DIA 16 | 2669 | 29/08/2016 | 26/08/2016 | Ej.1 | 16/10/2012 | Reference | LIBRO DE CONSULTA Proyecto PROMED | |||||||
| Dewey Decimal Classification | Non-fiction | Biblioteca Medicina | Biblioteca Medicina | Circulación | 16/10/2012 | 0.00 | 89 | 616.2 DIA 16 | 2670 | 04/05/2017 | 27/04/2017 | Ej.2 | 16/10/2012 | Libros | Proyecto PROMED | 23 | ||||||
| Dewey Decimal Classification | Non-fiction | Biblioteca Medicina | Biblioteca Medicina | Circulación | 16/10/2012 | 0.00 | 101 | 616.2 DIA 16 | 2671 | 18/06/2024 | 21/11/2023 | Ej.3 | 16/10/2012 | Libros | Proyecto PROMED. Sede Tordos. Ejemplar reemplazado por Gardere Camila, Agosto 2017. | 22 | ||||||
| Dewey Decimal Classification | Non-fiction | Biblioteca Medicina | Biblioteca Medicina | Circulación | 07/10/2015 | 144.00 | 33 | 616.2 DIA 16 | 3589 | 13/10/2022 | 30/09/2022 | Ej. 4 | 07/10/2015 | Libros | Compra PROMED OCT/15 | 13 | PROMED | |||||
| Dewey Decimal Classification | Non-fiction | Biblioteca Medicina | Biblioteca Medicina | Circulación | 07/10/2015 | 144.00 | 32 | 616.2 DIA 16 | 3590 | 13/02/2020 | 27/11/2019 | Ej. 5 | 07/10/2015 | Libros | Compra PROMED OCT/15. Sede Tordos. | 10 | PROMED | |||||
| Dewey Decimal Classification | Non-fiction | Biblioteca Medicina | Biblioteca Medicina | Circulación | 07/10/2015 | 144.00 | 24 | 616.2 DIA 16 | 3591 | 27/04/2023 | 20/04/2023 | Ej. 6 | 07/10/2015 | Libros | Compra PROMED OCT/15. Sede Tordos. | 12 | PROMED |